[Event "Bosnjaci op 27th"]
[Site "Bosnjaci"]
[Date "2023.01.06"]
[Round "5"]
[White "Nikic, Patrick"]
[Black "Grubisic, Ivica"]
[Result "1-0"]
[WhiteElo "2120"]
[BlackElo "1912"]
[PlyCount "113"]
[EventDate "2023.01.03"]
[EventType "swiss"]
[EventRounds "9"]
[EventCountry "CRO"]
[SourceTitle "CBM 212 Extra"]
[Source "ChessBase"]
[SourceDate "2023.03.31"]
[SourceVersion "1"]
[SourceVersionDate "2023.03.31"]
[SourceQuality "1"]

1. e4 c5 2. Nf3 Nc6 3. d4 cxd4 4. Nxd4 d6 5. c4 Nf6 6. Nc3 e6 7. Be2 Be7 8. 0-0 0-0 9. Be3 a6 10. Qd2 Qc7 11. Rac1 b6 12. f3 Bb7 13. Nd5 Qd8 14. Nxc6 Bxc6 15. Bxb6 Qd7 16. Nxe7+ Qxe7 17. Rfd1 Qb7 18. Bd4 e5 19. Be3 h6 20. b3 Rfd8 21. Qa5 Rd7 22. Rd2 Ne8 23. Rcd1 Rad8 24. Bb6 Rb8 25. c5 d5 26. Bxa6 Qa8 27. exd5 Rxd5 28. Bc4 Qxa5 29. Bxa5 Rxc5 30. Bc3 Kh7 31. Rd8 Rb7 32. Be1 Nf6 33. Bf2 Ra5 34. a4 e4 35. R1d6 Bd7 36. Bb6 Re5 37. Bd4 Re7 38. Bxf6 gxf6 39. fxe4 Kg7 40. Kf2 Bg4 41. h3 Bh5 42. Bd5 Ra7 43. g4 Bg6 44. Kf3 Rec7 45. Rc6 Rxc6 46. Bxc6 Rc7 47. Rd6 Kf8 48. Rxf6 Ke7 49. e5 h5 50. b4 hxg4+ 51. hxg4 Bd3 52. Ke3 Bc4 53. Kd4 Be6 54. Kc5 Bxg4 55. b5 Be2 56. b6 Rc8 57. b7 1-0

[Event "Bosnjaci op 25th"]
[Site "Bosnjaci"]
[Date "2020.01.08"]
[Round "8"]
[White "Kovacevic, Blazimir"]
[Black "Nikic, Patrick"]
[Result "1-0"]
[WhiteElo "2451"]
[BlackElo "2076"]
[PlyCount "99"]
[EventDate "2020.01.03"]
[EventType "swiss"]
[EventRounds "9"]
[EventCountry "CRO"]
[SourceTitle "CBM 194 Extra"]
[Source "ChessBase"]
[SourceDate "2020.03.31"]
[SourceVersion "1"]
[SourceVersionDate "2020.03.31"]
[SourceQuality "1"]

1. Nf3 c5 2. c4 Nc6 3. d4 cxd4 4. Nxd4 Nf6 5. Nc3 e6 6. g3 Bc5 7. Nb3 Be7 8. Bg2 0-0 9. 0-0 d6 10. Bf4 Nh5 11. Qd2 Nxf4 12. Qxf4 Bd7 13. Rfd1 Qb8 14. c5 d5 15. Qxb8 Nxb8 16. e4 dxe4 17. Nxe4 Ba4 18. Nc3 Bc6 19. Na5 Bxg2 20. Kxg2 Bxc5 21. Nxb7 Be7 22. Rac1 a5 23. Na4 Ra6 24. b3 Bb4 25. Rc4 Rc6 26. Nd8 Rd6 27. Rxd6 Bxd6 28. Nc6 Nxc6 29. Rxc6 Bb4 30. Nb6 g5 31. Kf3 Kg7 32. Nc4 Rb8 33. g4 Rb5 34. Ke2 Rd5 35. h3 Kg6 36. a3 Be7 37. Rb6 h6 38. Rb7 Bf6 39. a4 Bc3 40. Rb5 f5 41. Rxd5 exd5 42. Ne3 fxg4 43. hxg4 d4 44. Nd5 Bb2 45. b4 axb4 46. a5 b3 47. a6 Ba3 48. a7 b2 49. a8Q b1Q 50. Qg8# 1-0

[Event "Gradiste op 1st"]
[Site "Gradiste"]
[Date "2019.06.26"]
[Round "5"]
[White "Nikic, Patrick"]
[Black "Stocko, Josip"]
[Result "1/2-1/2"]
[WhiteElo "2113"]
[BlackElo "2319"]
[PlyCount "71"]
[EventDate "2019.06.24"]
[EventType "swiss"]
[EventRounds "9"]
[EventCountry "CRO"]
[SourceTitle "EXT 2020"]
[Source "ChessBase"]
[SourceDate "2019.10.17"]
[SourceVersion "1"]
[SourceVersionDate "2019.10.17"]
[SourceQuality "1"]

1. e4 c5 2. Nf3 d6 3. d4 cxd4 4. Nxd4 Nf6 5. Nc3 a6 6. Be3 e6 7. f3 Qc7 8. Qd2 Nc6 9. 0-0-0 Nd7 10. Kb1 Nxd4 11. Bxd4 b5 12. Bf2 Ne5 13. f4 Nc4 14. Bxc4 Qxc4 15. f5 Be7 16. Bg3 0-0 17. Bxd6 Rd8 18. Qf4 Bxd6 19. Rxd6 Rxd6 20. Qxd6 h6 21. Qd8+ Kh7 22. fxe6 Qxe6 23. Qd5 Qxd5 24. exd5 Bb7 25. a3 Rd8 26. Kc1 Kg6 27. Rd1 Rd6 28. Rd3 f5 29. Kd2 Kf6 30. g4 g6 31. gxf5 Kxf5 32. b3 Ke5 33. Re3+ Kf5 34. Rf3+ Ke5 35. Re3+ Kf5 36. Rf3+ 1/2-1/2

[Event "Bosnjaci op 23rd"]
[Site "Bosnjaci"]
[Date "2018.01.04"]
[Round "2"]
[White "Nikic, Patrick"]
[Black "Klasan, Vladimir"]
[Result "1/2-1/2"]
[WhiteElo "1989"]
[BlackElo "2389"]
[PlyCount "81"]
[EventDate "2018.01.03"]
[EventType "swiss"]
[EventRounds "9"]
[EventCountry "CRO"]
[SourceTitle "CBM 182 Extra"]
[Source "ChessBase"]
[SourceDate "2018.02.23"]
[SourceVersion "1"]
[SourceVersionDate "2018.02.23"]
[SourceQuality "1"]

1. e4 c5 2. Nf3 d6 3. d4 cxd4 4. Nxd4 Nf6 5. Nc3 Nc6 6. Bg5 e6 7. Qd2 Be7 8. 0-0-0 0-0 9. f3 Nxd4 10. Qxd4 Qa5 11. Bd2 Qc7 12. Nb5 Qb8 13. Bb4 e5 14. Qc3 Ne8 15. Qd2 Be6 16. Kb1 Qc8 17. c4 Qc6 18. Rc1 a6 19. Nc3 Rc8 20. Bd3 h6 21. h4 Nf6 22. g4 Qb6 23. Nd5 Nxd5 24. exd5 Bd7 25. g5 h5 26. Bc3 f5 27. gxf6 Rxf6 28. Rhg1 Bf5 29. Bxf5 Rxf5 30. Qh6 Bf6 31. Rxg7+ Bxg7 32. Qe6+ Rf7 33. Qxc8+ Kh7 34. c5 dxc5 35. Qe8 Rf5 36. Rg1 Qf6 37. f4 Rxf4 38. Qxh5+ Kg8 39. Qe8+ Kh7 40. Qh5+ Kg8 41. Qe8+ 1/2-1/2

[Event "Bosnjaci op 22nd"]
[Site "Bosnjaci"]
[Date "2017.01.04"]
[Round "2"]
[White "Nikic, Patrick"]
[Black "Matko, Ognjen"]
[Result "0-1"]
[WhiteElo "1975"]
[BlackElo "2305"]
[PlyCount "44"]
[EventDate "2017.01.03"]
[EventType "swiss"]
[EventRounds "9"]
[EventCountry "CRO"]
[SourceTitle "CBM 176 Extra"]
[Source "ChessBase"]
[SourceDate "2017.03.02"]
[SourceVersion "1"]
[SourceVersionDate "2017.03.02"]
[SourceQuality "1"]

1. e4 e6 2. d4 d5 3. Nc3 Bb4 4. e5 c5 5. a3 Bxc3+ 6. bxc3 Ne7 7. Qg4 Qc7 8. Qxg7 Rg8 9. Qxh7 cxd4 10. Ne2 Nbc6 11. f4 dxc3 12. Qd3 Bd7 13. Rb1 0-0-0 14. Nxc3 Nf5 15. Bd2 Ncd4 16. Kd1 Kb8 17. g3 Rc8 18. Bh3 Qc5 19. Ne2 Ba4 20. Nc3 Bxc2+ 21. Qxc2 Nxc2 22. Kxc2 d4 0-1

[Event "Bosnjaci op 21st"]
[Site "Bosnjaci"]
[Date "2016.01.05"]
[Round "4"]
[White "Nikic, Patrick"]
[Black "Dizdarevic, Emir"]
[Result "0-1"]
[WhiteElo "2000"]
[BlackElo "2514"]
[PlyCount "56"]
[EventDate "2016.01.03"]
[EventType "swiss"]
[EventRounds "9"]
[EventCountry "CRO"]
[SourceTitle "CBM 170 Extra"]
[Source "ChessBase"]
[SourceDate "2016.02.25"]
[SourceVersion "1"]
[SourceVersionDate "2016.02.25"]
[SourceQuality "1"]

1. e4 e6 2. d4 d5 3. Nc3 Bb4 4. e5 Ne7 5. a3 Bxc3+ 6. bxc3 h6 7. Qg4 Kf8 8. Nf3 b6 9. Bd3 Ba6 10. 0-0 c5 11. dxc5 Bxd3 12. cxd3 bxc5 13. c4 Nd7 14. d4 Rc8 15. cxd5 Nxd5 16. a4 g6 17. Ba3 Kg7 18. Rac1 cxd4 19. Nxd4 Qb6 20. Bd6 Rxc1 21. Rxc1 Rc8 22. Rf1 Nc5 23. h4 h5 24. Qh3 Ne4 25. Rd1 Rc3 26. Rd3 Qb1+ 27. Kh2 Rxd3 28. Nxe6+ Kg8 0-1

[Event "Bosnjaci op 21st"]
[Site "Bosnjaci"]
[Date "2016.01.04"]
[Round "2"]
[White "Nikic, Patrick"]
[Black "Sale, Srdjan"]
[Result "0-1"]
[WhiteElo "2000"]
[BlackElo "2408"]
[PlyCount "54"]
[EventDate "2016.01.03"]
[EventType "swiss"]
[EventRounds "9"]
[EventCountry "CRO"]
[SourceTitle "CBM 170 Extra"]
[Source "ChessBase"]
[SourceDate "2016.02.25"]
[SourceVersion "1"]
[SourceVersionDate "2016.02.25"]
[SourceQuality "1"]

1. e4 g6 2. d4 Bg7 3. Nc3 c5 4. Nf3 cxd4 5. Nxd4 Nc6 6. Be3 Nf6 7. Qd2 0-0 8. 0-0-0 Ng4 9. Nxc6 bxc6 10. Bg5 Rb8 11. Bc4 d6 12. Bb3 Be6 13. Kb1 a5 14. f3 Ne5 15. Bh6 Qb6 16. Bxg7 Kxg7 17. h4 h6 18. h5 g5 19. f4 gxf4 20. Qxf4 c5 21. Nd5 Bxd5 22. Rxd5 c4 23. Rxe5 cxb3 24. Rg5+ hxg5 25. Qxg5+ Kh7 26. Qf5+ Kh8 27. axb3 Qc5 0-1

[Event "CRO-ch U19"]
[Site "Krapinske Toplice"]
[Date "2015.07.28"]
[Round "6"]
[White "Nikic, Patrick"]
[Black "Djuric, Petar1111"]
[Result "1-0"]
[WhiteElo "1967"]
[BlackElo "1997"]
[PlyCount "163"]
[EventDate "2015.07.25"]
[EventType "swiss"]
[EventRounds "9"]
[EventCountry "CRO"]
[SourceTitle "CBM 167 Extra"]
[Source "ChessBase"]
[SourceDate "2015.09.14"]
[SourceVersion "1"]
[SourceVersionDate "2015.09.14"]
[SourceQuality "1"]

1. e4 e5 2. Nf3 Nc6 3. Bc4 Bc5 4. 0-0 Nf6 5. d3 h6 6. c3 d6 7. Nbd2 0-0 8. Bb3 b5 9. a4 b4 10. h3 Rb8 11. Re1 bxc3 12. bxc3 Re8 13. Bc2 a6 14. Nf1 d5 15. exd5 Nxd5 16. d4 exd4 17. Rxe8+ Qxe8 18. Qd3 Nf6 19. Qc4 Bd6 20. cxd4 Nb4 21. Bb1 a5 22. Ne3 Bd7 23. Nf5 Bxf5 24. Bxf5 Qc6 25. Qxc6 Nxc6 26. Bd2 Nb4 27. Ne5 Nfd5 28. Bd7 Rd8 29. Bb5 Nc2 30. Nc6 Ra8 31. Rc1 Ndb4 32. Kf1 Kf8 33. Nxb4 Nxb4 34. Ke2 Ke7 35. h4 Rc8 36. h5 Kd8 37. f3 c5 38. d5 Ke7 39. Bxb4 axb4 40. Kd3 Bb8 41. Re1+ Kd6 42. Kc4 Bc7 43. Re4 Ra8 44. Rg4 Rg8 45. Bc6 Ba5 46. f4 Bb6 47. Rg3 g6 48. f5 g5 49. Re3 Bc7 50. g4 Rb8 51. Bb5 Ba5 52. f6 Rb7 53. Re8 Bb6 54. Bc6 Ra7 55. Rb8 Bc7 56. Rh8 Ke5 57. Kxc5 b3 58. Re8+ Kxf6 59. d6 Ra5+ 60. Bb5 b2 61. Re1 Bd8 62. Kc6 Ra7 63. Rb1 Ke5 64. Rxb2 f5 65. gxf5 Kxf5 66. Kd5 g4 67. Rf2+ Kg5 68. Rf8 Bf6 69. Ke6 Bg7 70. Rf5+ Kh4 71. d7 Ra8 72. Ke7 g3 73. Bf1 Kg4 74. Rf7 Bd4 75. d8Q Rxd8 76. Kxd8 Kxh5 77. Rf4 Bb6+ 78. Kd7 Kg5 79. Rb4 Ba7 80. a5 h5 81. a6 h4 82. Bh3 1-0

[Event "CRO-ch U19"]
[Site "Krapinske Toplice"]
[Date "2015.07.26"]
[Round "2"]
[White "Nikic, Patrick"]
[Black "Raguz, Ivan"]
[Result "0-1"]
[WhiteElo "1967"]
[BlackElo "1789"]
[PlyCount "48"]
[EventDate "2015.07.25"]
[EventType "swiss"]
[EventRounds "9"]
[EventCountry "CRO"]
[SourceTitle "CBM 167 Extra"]
[Source "ChessBase"]
[SourceDate "2015.09.14"]
[SourceVersion "1"]
[SourceVersionDate "2015.09.14"]
[SourceQuality "1"]

1. e4 e5 2. Nf3 Nc6 3. Bc4 Nf6 4. d3 Bc5 5. 0-0 d6 6. c3 Be6 7. Bxe6 fxe6 8. d4 exd4 9. cxd4 Bb6 10. d5 exd5 11. exd5 Ne5 12. Re1 0-0 13. Be3 Bxe3 14. Rxe3 Nfg4 15. Rc3 Nxf3+ 16. Rxf3 Qh4 17. h3 Nxf2 18. Qe2 Rxf3 19. Qxf3 Rf8 20. Qe3 Qe4 21. Qd2 Qg6 22. Qe3 Nd1 23. Qxa7 Qg3 24. Nc3 Ne3 0-1

[Event "Osijek op"]
[Site "Osijek"]
[Date "2015.03.05"]
[Round "2"]
[White "Stocko, Josip"]
[Black "Nikic, Patrick"]
[Result "1-0"]
[WhiteElo "2341"]
[BlackElo "1973"]
[PlyCount "71"]
[EventDate "2015.03.05"]
[EventType "swiss"]
[EventRounds "7"]
[EventCountry "CRO"]
[SourceTitle "CBM 165 Extra"]
[Source "ChessBase"]
[SourceDate "2015.04.21"]
[SourceVersion "1"]
[SourceVersionDate "2015.04.21"]
[SourceQuality "1"]

1. e4 c5 2. Nf3 d6 3. d4 cxd4 4. Nxd4 Nf6 5. Nc3 a6 6. h3 e5 7. Nde2 h5 8. g3 Nbd7 9. Bg2 b5 10. 0-0 Be7 11. Be3 Bb7 12. a4 b4 13. Nd5 Nxd5 14. exd5 a5 15. c3 Ba6 16. cxb4 axb4 17. Re1 h4 18. g4 0-0 19. Nc1 Bg5 20. Qd2 Bxe3 21. Rxe3 Qb6 22. a5 Qb7 23. Re4 Rfb8 24. g5 Nf8 25. Na2 b3 26. Nb4 Bb5 27. Ra3 Ng6 28. Rxb3 Nf4 29. Nc6 Nxg2 30. Nxb8 Rxb8 31. Reb4 Qa6 32. Kxg2 Bf1+ 33. Kg1 Rxb4 34. Qxb4 Qe2 35. Re3 Qa6 36. Qb6 1-0

[Event "CRO-ch U19"]
[Site "Sveti Martin "]
[Date "2014.08.01"]
[Round "9"]
[White "Nikic, Patrick"]
[Black "Srbis, Jurica"]
[Result "0-1"]
[WhiteElo "1767"]
[BlackElo "2402"]
[PlyCount "64"]
[EventDate "2014.07.26"]
[EventType "swiss"]
[EventRounds "9"]
[EventCountry "CRO"]
[SourceTitle "EXT 2015"]
[Source "ChessBase"]
[SourceDate "2014.11.20"]
[SourceVersion "1"]
[SourceVersionDate "2014.11.20"]
[SourceQuality "1"]

1. e4 e5 2. Nf3 Nc6 3. Bc4 Nf6 4. d3 Be7 5. 0-0 0-0 6. a4 d6 7. Re1 h6 8. a5 a6 9. h3 Nh7 10. Nbd2 Kh8 11. Nf1 f5 12. exf5 Bxf5 13. Ng3 Bg6 14. d4 e4 15. Nh2 d5 16. Bf1 Bg5 17. c4 Bxc1 18. Rxc1 Nf6 19. Ng4 Qd6 20. cxd5 Qxd5 21. Rc5 Qd6 22. Nxf6 Qxf6 23. Qd2 Nxd4 24. Bc4 Rad8 25. Rd5 Rxd5 26. Bxd5 Rd8 27. Nxe4 Bxe4 28. Rxe4 Rxd5 29. Re8+ Kh7 30. Qd3+ Qf5 31. Re4 Nb3 32. Qc2 Nd2 0-1

[Event "Osijek-ch op"]
[Site "Osijek"]
[Date "2014.02.22"]
[Round "6"]
[White "Ivekovic, Ana"]
[Black "Nikic, Patrick"]
[Result "1-0"]
[WhiteElo "2093"]
[BlackElo "1670"]
[PlyCount "73"]
[EventDate "2014.02.20"]
[EventType "swiss"]
[EventRounds "7"]
[EventCountry "CRO"]
[SourceTitle "CBM 159 Extra"]
[Source "ChessBase"]
[SourceDate "2014.04.24"]
[SourceVersion "1"]
[SourceVersionDate "2014.04.24"]
[SourceQuality "1"]

1. d4 g6 2. c4 Bg7 3. Nc3 d6 4. e4 e5 5. d5 f5 6. exf5 gxf5 7. Qh5+ Kf8 8. Bg5 Nf6 9. 0-0-0 Bd7 10. Qe2 Qe8 11. f3 a5 12. Qd2 Qg6 13. Bd3 Na6 14. Be3 b6 15. g4 Nc5 16. Bc2 Re8 17. h4 Ke7 18. Nge2 Qf7 19. gxf5 Kd8 20. Ne4 Ncxe4 21. fxe4 h5 22. Bg5 Kc8 23. Rh3 Ng4 24. Ra3 Bf6 25. Ng1 Bxg5 26. hxg5 Reg8 27. Nh3 Kb7 28. Rg1 Bc8 29. Bd3 Bd7 30. Be2 Qe8 31. Bxg4 hxg4 32. Rxg4 Qh5 33. Qg2 a4 34. Nf2 Qh2 35. Rh3 Rxh3 36. Nxh3 Qxh3 37. Qxh3 1-0

[Event "Osijek-ch op"]
[Site "Osijek"]
[Date "2014.02.20"]
[Round "2"]
[White "Zivkovic, Zvonimir"]
[Black "Nikic, Patrick"]
[Result "0-1"]
[WhiteElo "1680"]
[BlackElo "1670"]
[PlyCount "112"]
[EventDate "2014.02.20"]
[EventType "swiss"]
[EventRounds "7"]
[EventCountry "CRO"]
[SourceTitle "CBM 159 Extra"]
[Source "ChessBase"]
[SourceDate "2014.04.24"]
[SourceVersion "1"]
[SourceVersionDate "2014.04.24"]
[SourceQuality "1"]

1. d4 g6 2. Nf3 Bg7 3. c4 d6 4. Bf4 Bg4 5. Nbd2 Nd7 6. h3 Bxf3 7. Nxf3 c5 8. dxc5 Nxc5 9. Rb1 Nf6 10. e3 Ne6 11. Qa4+ Qd7 12. Qxd7+ Nxd7 13. Bh2 0-0 14. Bd3 Rfc8 15. 0-0 Nec5 16. Bc2 a5 17. b3 Na6 18. a3 b5 19. Be4 Rab8 20. cxb5 Rxb5 21. a4 Rb4 22. Nd4 e5 23. Nc6 Rxc6 24. Bxc6 Ndc5 25. Rfd1 Bf8 26. Bb5 Nc7 27. Bc6 Nxb3 28. f4 e4 29. f5 Rc4 30. fxg6 hxg6 31. Bxe4 Rxe4 32. Rxb3 Bh6 33. Bxd6 Bxe3+ 34. Kf1 Ne6 35. Rd5 Bc5 36. Rb8+ Kh7 37. Be5 g5 38. Bd6 Bxd6 39. Rxd6 Rxa4 40. Ra6 Ra1+ 41. Kf2 Ra2+ 42. Kg3 Nf4 43. Rf6 Nh5+ 44. Kg4 Nxf6+ 45. Kxg5 Kg7 46. g4 a4 47. Ra8 a3 48. Kf4 Ra1 49. g5 Nh7 50. Kg4 a2 51. Kh4 Nxg5 52. Ra4 Nxh3 53. Rg4+ Kf8 54. Ra4 Nf4 55. Kg5 Rg1+ 56. Kxf4 a1Q 0-1

[Event "Valpovo op U20"]
[Site "Valpovo"]
[Date "2013.12.08"]
[Round "7"]
[White "Sokac, Marko"]
[Black "Nikic, Patrick"]
[Result "1-0"]
[WhiteElo "2035"]
[BlackElo "1634"]
[PlyCount "53"]
[EventDate "2013.12.06"]
[EventType "swiss"]
[EventRounds "7"]
[EventCountry "CRO"]
[SourceTitle "CBM 157 Extra"]
[Source "ChessBase"]
[SourceDate "2013.12.19"]
[SourceVersion "1"]
[SourceVersionDate "2013.12.19"]
[SourceQuality "1"]

1. e4 e5 2. Nf3 Nf6 3. Nc3 Nc6 4. d4 exd4 5. Nxd4 Bc5 6. Nxc6 bxc6 7. Bd3 0-0 8. 0-0 Re8 9. Qf3 d5 10. exd5 cxd5 11. Bg5 c6 12. Rfe1 Be6 13. Qg3 h6 14. Bxh6 Nh5 15. Qg5 Qxg5 16. Bxg5 Rab8 17. h3 Bd4 18. Bc1 Nf6 19. Nd1 Nd7 20. c3 Nc5 21. Bc2 Bf6 22. Be3 Bc8 23. Rf1 Rb5 24. a4 Nb3 25. Ra3 Rxe3 26. Nxe3 Nd2 27. axb5 1-0

[Event "Valpovo op U20"]
[Site "Valpovo"]
[Date "2013.12.06"]
[Round "1"]
[White "Nikic, Patrick"]
[Black "Kolic, Ivan"]
[Result "0-1"]
[WhiteElo "1634"]
[BlackElo "1818"]
[PlyCount "104"]
[EventDate "2013.12.06"]
[EventType "swiss"]
[EventRounds "7"]
[EventCountry "CRO"]
[SourceTitle "CBM 157 Extra"]
[Source "ChessBase"]
[SourceDate "2013.12.19"]
[SourceVersion "1"]
[SourceVersionDate "2013.12.19"]
[SourceQuality "1"]

1. e4 e6 2. d4 d5 3. Nc3 dxe4 4. Nxe4 Nd7 5. Nf3 Ngf6 6. Ng3 Be7 7. Bd3 0-0 8. 0-0 b6 9. Bg5 Bb7 10. Re1 h6 11. Be3 c5 12. c3 Nd5 13. Bd2 cxd4 14. Nxd4 Nc5 15. Bb5 Rc8 16. b4 Nd7 17. c4 Nxb4 18. Qa4 Nc5 19. Qxb4 Qxd4 20. Be3 Qf6 21. Qd2 Rfd8 22. Qc2 a6 23. Ba4 Qh4 24. Bb3 Bd6 25. Rad1 Bxg3 26. hxg3 Qh5 27. Bxc5 Qxc5 28. Re3 Qc6 29. f3 Qc5 30. Kf2 Rd4 31. Ke2 Rcd8 32. Red3 Qe5+ 33. Kf2 h5 34. Rxd4 Rxd4 35. Qc3 Rd5 36. Qxe5 Rxe5 37. Rd8+ Kh7 38. Bc2+ f5 39. Rd7 Bc8 40. Rc7 Rc5 41. Rxc5 bxc5 42. g4 hxg4 43. fxg4 g6 44. gxf5 exf5 45. Ke3 Kg7 46. Kf4 Kf6 47. Bd1 Bb7 48. g4 g5+ 49. Ke3 f4+ 50. Kf2 Ke5 51. Ke1 Kd4 52. Bb3 Be4 0-1